[Event "IECG TG-2007-0-15753"]
[Site "IECG email"]
[Date "2007.06.09"]
[Round "2"]
[White "Zondag, Jason"]
[Black "James, Michael"]
[Result "1-0"]
[WhiteElo "1943"]
[BlackElo "1767"]
[PlyCount "117"]
[EventDate "2007.06.09"]
[EventType "tourn (corr)"]
[EventRounds "6"]
[SourceTitle "Corr 2024"]
[Source "ChessBase"]
[SourceDate "2023.10.19"]
[SourceVersion "1"]
[SourceVersionDate "2023.10.19"]
[SourceQuality "1"]

1. d4 d6 2. c4 Nf6 3. Nc3 e5 4. Nf3 Nbd7 5. Bg5 exd4 6. Nxd4 h6 7. Bh4 g5 8. Bg3 Nh5 9. Qc2 Nxg3 10. hxg3 Ne5 11. 0-0-0 Bg7 12. c5 0-0 13. Kb1 Ng4 14. e4 Bxd4 15. Rxd4 Qf6 16. Rd2 Be6 17. Be2 Ne5 18. cxd6 cxd6 19. f4 gxf4 20. Rf1 Nc4 21. Bxc4 Bxc4 22. Rxf4 Qg6 23. Qd1 Be6 24. Rxd6 Qxg3 25. Nd5 Kh7 26. Rf1 Rac8 27. Rh1 Qg5 28. Qd4 Kg6 29. g3 Rcd8 30. Nf4+ Kh7 31. e5 Rxd6 32. exd6 Bd7 33. Nd5 f6 34. Rf1 Kg7 35. Re1 a5 36. Ka1 a4 37. a3 Re8 38. Ne7 b5 39. g4 Kh7 40. Rf1 Qxg4 41. Qxf6 b4 42. Qf7+ Qg7 43. axb4 a3 44. Qxg7+ Kxg7 45. bxa3 Ra8 46. Kb2 Ra6 47. Rg1+ Kf7 48. Rg6 Be6 49. Rxh6 Rxd6 50. Rh7+ Kf6 51. b5 Rd3 52. Nc6 Rb3+ 53. Kc2 Bd5 54. a4 Rg3 55. Rh4 Bb3+ 56. Kb2 Bd5 57. Nb4 Kg5 58. Nxd5 Kxh4 59. b6 1-0

[Event "IECG TG.2006.0.15578"]
[Site "IECG email"]
[Date "2006.03.12"]
[Round "2"]
[White "Zondag, Jason"]
[Black "Sherwood, Russell"]
[Result "1-0"]
[WhiteElo "1759"]
[BlackElo "1800"]
[PlyCount "67"]
[EventDate "2006.03.12"]
[EventType "match (corr)"]
[EventRounds "2"]
[SourceTitle "Corr 2008"]
[Source "ChessBase"]
[SourceDate "2008.06.24"]
[SourceVersion "1"]
[SourceVersionDate "2008.06.24"]
[SourceQuality "1"]

1. d4 g6 2. c4 Bg7 3. Nc3 d6 4. e4 Nf6 5. f3 0-0 6. Nge2 a6 7. Be3 Nbd7 8. Qd2 c5 9. dxc5 dxc5 10. 0-0-0 Qa5 11. Kb1 e6 12. Nc1 Qc7 13. Bf4 Ne5 14. Nd3 Nfd7 15. h4 b5 16. h5 b4 17. Na4 Bb7 18. Bh6 Nxd3 19. Bxg7 Kxg7 20. Bxd3 e5 21. Qe3 Rh8 22. Bc2 f6 23. Rd3 g5 24. Rhd1 Bc8 25. h6+ Kf7 26. Rd6 Re8 27. Qd2 Kg6 28. f4 gxf4 29. Qe2 Nf8 30. Nb6 Be6 31. Rxe6 Nxe6 32. Qg4+ Kf7 33. Qh5+ Kf8 34. Rd7 1-0

[Event "IECG TG.2005.0.15515"]
[Site "IECG email"]
[Date "2005.11.30"]
[Round "1"]
[White "Zondag, Jason"]
[Black "Jordaan, Wayne"]
[Result "1-0"]
[WhiteElo "1759"]
[BlackElo "1740"]
[PlyCount "107"]
[EventDate "2005.11.30"]
[EventType "match (corr)"]
[EventRounds "2"]
[SourceTitle "Corr 2008"]
[Source "ChessBase"]
[SourceDate "2008.06.24"]
[SourceVersion "1"]
[SourceVersionDate "2008.06.24"]
[SourceQuality "1"]

1. d4 d5 2. c4 c6 3. Nf3 Nf6 4. Nc3 dxc4 5. a4 Bf5 6. e3 Nbd7 7. Bxc4 e6 8. 0-0 Bd6 9. Qe2 e5 10. Nh4 Be6 11. Bxe6 fxe6 12. f4 exd4 13. exd4 Qe7 14. Re1 0-0 15. Qxe6+ Qxe6 16. Rxe6 Bb4 17. Nf3 Rfe8 18. Rxe8+ Rxe8 19. Ne5 Ba5 20. Be3 Nb6 21. Ra3 Nbd5 22. Nxd5 Nxd5 23. Kf2 Bb4 24. Rb3 g6 25. Ke2 Re7 26. g3 Kg7 27. Bd2 Bd6 28. Kf3 Kf6 29. Ba5 Ke6 30. Bd8 Rg7 31. Ke4 Bxe5 32. dxe5 Rd7 33. Bg5 h5 34. h3 c5 35. g4 hxg4 36. hxg4 Ne7 37. Bxe7 Kxe7 38. Rd3 Rc7 39. f5 gxf5+ 40. gxf5 Rc6 41. f6+ Ke6 42. Rd8 Rb6 43. Re8+ Kf7 44. Re7+ Kf8 45. e6 a6 46. Kf5 Rxb2 47. Rc7 Rf2+ 48. Kg5 Kg8 49. Rc8+ Kh7 50. e7 Rg2+ 51. Kh4 Rh2+ 52. Kg3 Re2 53. f7 Re3+ 54. Kf2 1-0